| 000 | 00446 a2200169 4500 | ||
|---|---|---|---|
| 001 | 066538 | ||
| 003 | OSt | ||
| 005 | 20211001105443.0 | ||
| 008 | |||
| 082 |
_a821.4 _bJ61J |
||
| 245 | 1 |
_aBloom's biocritiques: John Milton _cedited by Harold Bloom |
|
| 260 |
_aPhiladelphia _bChelsea House _c2003 |
||
| 300 | _a150p. | ||
| 690 | _aMilton, John, 1608-1674 | ||
| 700 |
_aBloom, Harold, _eEditor |
||
| 942 |
_2ddc _cBK |
||
| 999 |
_c583 _d583 |
||